Советская терминология - Statistics

General Stats
  • This quiz has been taken 3 times
  • The average score is 1 of 12
Answer Stats
Описание Термин % Correct
Не прошедшие цензуру, запрещённые издания, которые распространялись неофициально. Копии текстов изготавливались автором или читателями без ведома и разрешения официальных органов власти, как правило машинописным, фотографическим или рукописным способами. Самиздат
100%
Запрещённые книги и журналы, изданные за пределами СССР Тамиздат
33%
Совнархоз
0%
Хозрасчет
0%
Рязанское чудо
0%
Хозспособ
0%
Рразговорно-сниженное слово, обозначающее угощение, выпивку в связи с заключением выгодной сделки, получением премии, награды, новой должности Магарыч
0%
Электрички и поезда, которые в СССР использовались для поездки жителей в крупные города (например, Москву) с целью закупки дефицитных продуктов "Колбасная" электричка
0%
Очереди в магазины из-за дефицита Километровка
0%
Идеологическое клише, которое применялось к иностранному радиовещанию на территорию СССР во времена холодной войны Вражьи голоса
0%
Вид лечебно-исправительного учреждения, где по решению суда люди направлялись на принудительное лечение от наркомании и алкоголизма ЛТП
0%
Щекинский эксперимент
0%
No matching quizzes found
Score Distribution
Percent of People with Each Score
Percentile by Number Answered
Your Score History
You have not taken this quiz